Titres Clara Luciani - Statistiques

Statistiques générales
  • Ce quiz a été pris 109 fois
  • Le résultat moyen est 17 sur 48
Statistiques - réponses
Réponse % Correct
La grenade
97%
Ma soeur
83%
Le reste
76%
Nue
76%
Respire encore
72%
Tout pour moi
72%
Mon sang
69%
Coeur
66%
Courage
52%
Amour toujours
48%
Cette vie
48%
Chagrin d’ami
48%
Le chanteur
48%
Roule
48%
Bravo tu as gagné
45%
La baie
45%
Sad & Slow
45%
Ma mère
41%
Drôle d’époque
38%
Allez
34%
Les fleurs
34%
Romance
34%
Forget me not
31%
Interlude
31%
Monstre d’amour
31%
La place
28%
Mon ombre
28%
Seule
28%
Emmanuelle
24%
On ne meurt pas d’amour
24%
Sainte-victoire
24%
Bandit
21%
Dors
21%
Eddy
21%
J’sais pas plaire
21%
La chanson de Delphine
21%
Allô
17%
Au Revoir
17%
Comme toi
17%
Bovary
14%
Qu’est-ce que t’es beau
14%
C’est l’amour
10%
Cette chanson
10%
Dansons tant qu’on est vivant
10%
Mes amis et moi
7%
Tante pis
3%
Tout le monde (sauf moi)
3%
La dernière fois
0%
Aucun quiz correspondant
Distribution des résultats
% des personnes avec chaque résultat
Percentile par nombre de réponses
Votre historique - résultats
Vous n’avez pas pris ce quiz